| 000 | 00643nam a22002057a 4500 | ||
|---|---|---|---|
| 003 | OSt | ||
| 005 | 20210930030205.0 | ||
| 008 | 170208b xxu||||| |||| 00| 0 eng d | ||
| 020 | _a002390271 | ||
| 040 |
_aMMU _cMMU _dMMU _beng |
||
| 050 | 0 | 0 | _aRJ496.L35094 1995 |
| 100 | 1 | _aOwens, Robert E. | |
| 245 | 1 | 0 |
_aLanguage disorders : _bAfunctional approach to assessment and intervention / _cRobert E. Owens, Jr. |
| 250 | _a2nd ed. | ||
| 260 |
_aBoston : _bAllyn & Bacon, _c1995. |
||
| 300 |
_axii,487 p. : _c. |
||
| 500 | _aIncludes bibliographical references and indexes. | ||
| 650 | 0 | _aLanguage disorders in children. | |
| 942 |
_2lcc _cLOAN LOAN |
||
| 999 |
_c22230 _d22230 |
||